| 000 | 01280cad a22002295a 4500 | ||
|---|---|---|---|
| 001 | E148300 | ||
| 008 | 090901s2007 xxk f s000 0 eng d | ||
| 020 | _a978075594467 | ||
| 035 | _a(Sirsi) u148300 | ||
| 041 | 0 | _aeng | |
| 050 | 0 | 4 | _a630 $2 18 |
| 110 | 1 |
_aScotland _bScottish Executive _94769 |
|
| 245 | 0 | 0 |
_aRural Scotland _bbetter still, naturally _h[electronic resource] |
| 260 |
_aEdinburgh _bScottish Executive _c2007 |
||
| 505 | 2 | _aMinisterial foreword -- Executive summary -- Setting the context: introduction; rural Scotland in context -- Taking stock, progress and challenges: growing the rural economy; making the most of our heritage; delivering better services; supporting thriving rural communities -- Looking to the future: rural Scotland futures; next steps; working together for rural Scotland -- Annexes | |
| 520 | _aExamines possibilities for the future of Scotland's rural areas which will help to ensure sustainable growth, increased inclusion and better services. | ||
| 521 | _aAdvanced | ||
| 651 | 4 |
_aScotland _y1999- |
|
| 690 | _aPROPERTY-RURAL AND NATURAL ASSETS-RURAL AND NATURAL ASSET DEVELOPMENT | ||
| 856 | 4 | 0 |
_uhttps://www.scotland.gov.uk/Publications/2007/03/27152428/0 _zView the report free of charge at www.scotland.gov.uk... |
| 942 | _n0 | ||
| 999 |
_c109998 _d109998 |
||